000 00885nam a2200289 i 4500
001 bg
003 BPK
005 20200317081426.0
008 981118s1985 pl a f f |001 0 pol
015 _aPB 1985/2850
020 _a8320406102
040 _aWA N
_cBPK
041 0 _apol
080 _a744:621.01
080 _a(07)
100 1 _aDobrzański, Tadeusz
_eAutor
245 1 0 _aRysunek techniczny /
_cTadeusz Dobrzański.
250 _aWyd. 18 uaktual.
260 _aWarszawa :
_bWydawnictwa Naukowo-Techniczne,
_c1985.
300 _a206, [2] s. :
_brys., wykr. ;
_c21 cm.
504 _aIndeks.
650 4 _aMaszyny
_xrysunek techniczny.
655 4 _aPodręcznik
710 2 _aWydawnictwa Naukowo-Techniczne
_4pbl.
856 _uhttp://koha.tu.koszalin.pl/cgi-bin/koha/opac-detail.pl?biblionumber=1283
_yKatalog online BPK
942 _2UKD
_cKS
999 _c1283
_d1283